| 000 | 00616nam a22001937a 4500 | ||
|---|---|---|---|
| 005 | 20251108173451.0 | ||
| 008 | 250721s2006 xx 000 0 ara d | ||
| 082 | 1 | 4 | _a218.9/خان |
| 100 | 1 | _aخان، حضرة عنايت | |
| 245 | 1 | 0 | _aتعاليم المتصوفين / |
| 264 | 1 |
_aدمشق : _bدار الفرقد للطباعة و النشر و التوزيع، _c2006. |
|
| 300 | _a303 ص | ||
| 650 | 1 | 7 | _aالتصوف الإسلامي |
| 650 | 1 | 7 | _aالصوفيون |
| 650 | 1 | 7 | _aالطرق الصوفية |
| 700 | 1 |
_aاستنبولي، إبراهيم _eTran. |
|
| 942 |
_2ddc _cBK |
||
| 999 |
_c104583 _d104583 |
||